Internetworking with TCP/IP : Client-Server Programming and Applications : Linux/POSIX Sockets Version /

Contenido: Introducción y panorama general; El modelo cliente-servidor y diseño del software; Proceso concurrente en software para cliente-servidor; Interfaz de aplicación para protocolos; El socket API; Algoritmos y temas en diseño de software para cliente; Ejemplo de software para cliente; Algorit...

Celý popis

Uloženo v:
Podrobná bibliografie
Hlavní autor: Comer, Douglas E. (autor)
Další autoři: Stevens, David L. (autor) (autor)
Médium: Kniha
Jazyk:angličtina
Vydáno: Upper Saddle River, EUA : Prentice-Hall, 2001, c2001
Vydání:4a edición
Témata:
Tagy: Přidat tag
Žádné tagy, Buďte první, kdo vytvoří štítek k tomuto záznamu!

MARC

LEADER 00000nam^a2200000^a^4500
001 000177744
005 20250521000000.0
009 20260310101725.232
020 |a 0-13-032071-4 
037 |a Acervo ITESO - Biblioteca 
041 |a ING 
082 |a 621. 382171  |b COM V. 3 
100 |a Comer, Douglas E.  |e (autor) 
240 1 1 |a [Redes globales de información con Internet y TCP/IP] 
245 1 0 |a Internetworking with TCP/IP :  |b Client-Server Programming and Applications : Linux/POSIX Sockets Version /  |c D.E. Comer, D.L. Stevens ; pról. de Marshall T. Rose. 
250 |a 4a edición 
264 4 |a Upper Saddle River, EUA :  |b Prentice-Hall,  |c 2001, c2001 
300 |a XXVII, 601 p. 
336 |a texto  |b txt  |2 rdacontenido 
337 |a sin mediación  |b n  |2 rdamedio 
338 |a volumen  |b nc  |2 rdasoporte 
520 |a Contenido: Introducción y panorama general; El modelo cliente-servidor y diseño del software; Proceso concurrente en software para cliente-servidor; Interfaz de aplicación para protocolos; El socket API; Algoritmos y temas en diseño de software para cliente; Ejemplo de software para cliente; Algoritmos y temas sobre diseño en diseño de software para servidor; Servidores iterativos, sin conexión (UDP); Servidores iterativos, orientados a la conexión (TCP); Servidores concurrentes, orientados a conexión (TCP); Uso de hilos para concurrencia (TCP); Servidores de un solo hilo, concurrentes (TCP); Servidores multiprotocolos (TCP, UDP); Servidores multiservicio (TCP, UDP); Administración uniforme, eficiente de concurrencia del servidor; Concurrencia en clientes; Hacer túneles en los niveles de transporte y de aplicación; Salidas en el nivel de aplicación; Representación de datos externos (XDR); Concepto de llamada de procedimiento remoto; Generación distribuida del programa (concepto de Rpcgen); Generación distribuida del programa (ejemplo de Rpcgen); Conceptos del sistema de archivos de la red (NFS); Protocolos del sistema de archivos del sistema; Un cliente TELNET (estructura del programa); Un cliente de TELNET (detalles de implementación); Flujo del transporte de audio y video (concepto y diseño de RTP); Flujo del transporte de audio y video (ejemplo de implementación de RTP); Trucos y técnicas prácticas para servidores Linux; Bloqueo e inanición en sistemas cliente-servidor. 
521 |a 2016 BO Licenciatura en Ingeniería en Redes y Telecomunicaciones Acreditación 
649 |a XX 
650 |a Protocolos de Comunicación 
650 |a Servidores (Computadoras) 
650 |a Redes de Area Local 
650 |a Redes de Computadoras 
650 |a Comunicación en Red 
650 |a Comunicación Inalámbrica 
650 |a Sistemas de Telecomunicación 
650 |a Telecomunicaciones 
650 |a Comunicaciones y Tránsito 
650 |a API (Interfaz para la Programación de Aplicaciones) 
650 |a Programación (Software) 
650 |a Desarrollo de Sistemas 
650 |a Sistemas Computacionales 
650 |a Ingeniería de Software 
650 |a Ingeniería Computacional 
700 |a Stevens, David L.  |e (autor) 
910 |a Fondo General 
920 |a Impresos - Libros 
930 |a Colección General 
905 |a 101 
901 |a 0500116317  |b IT1  |c ACC  |u 20250521 
902 |a https://opac.biblio.iteso.mx/vufind/Record/000177744